Statistics for Hardest Quiz on Jetpunk

Click here to take the quiz!

General Stats

  • This quiz has been taken 7 times
  • The average score is 5 of 7

Answer Stats

HintAnswer% Correct
Sour Patch Watermelons contain
two types of Acid! The fist is Citric Acid
the second one is the answer!
Tartaric
100%
The 65 word to the 3rd Chapter of
C.S. Lewis's Silver Chair is the
answer!
Glittering
86%
The Spanish word for the amount
of points Damian Lillard scored in
his first ever career game this is the answer!
Veintitrés
86%
The species subfamily classification
of the National Animal of Oman is
the answer!
Hippotraginae
71%
The amount of Green in the Coastal Carolina
Color Code written as a Word!
One Hundred Eleven
71%
The name of the CONSTRUCTION company that
built the largest privately owned home in the world
is the answer!
Leighton Holdings
57%
THIS IS THE BIG ONE DON'T WORRY
ABOUT PUTTING SPACES BETWEEN THE
NUMBERS! HOPE YOU DID IT
2078221215
43%

Score Distribution

Percentile by Number Answered

Percent of People with Each Score

Your Score History

You have not taken this quiz